U.S. Geography by Letter - Z - Statistics

General Stats
  • This quiz has been taken 41 times
  • The average score is 3 of 10
Answer Stats
Hint Answer % Correct
U.S. National Park Zion
94%
Squiggly-named river in Oregon Zigzag River
43%
City in Michigan that mimics the name of the largest city in neighboring Wisconsin Zilwaukee
43%
City in Ohio that was temporarily its state capital in the early 1800s Zanesville
37%
River in western New Mexico and eastern Arizona, named after a Native American tribe Zuni River
26%
Famous climbing spot for advanced mountain climbers, located in the Grand Canyon and named after the founder of an ancient religion Zoroaster Temple
17%
Lake in Connecticut formed by the Stevenson Dam, site of the notorious woodchipper-related murder of Helle Crafts Zoar Lake
6%
A historical frontier road constructed in southeastern Ohio and connecting Wheeling, West Virginia to Maysville, Kentucky Zane's Trace
3%
Highest summit of Dinosaur National Monument in Colorado Zenobia Peak
3%
A Native American pueblo that shares a name with its indigenous people, and is the origin of the symbol on the New Mexico state flag Zia
3%
No matching quizzes found
Score Distribution
Percent of People with Each Score
Percentile by Number Answered
Your Score History
You have not taken this quiz